Financial acountancy (Record no. 89714)

MARC details
000 -LEADER
fixed length control field 00367nam a2200157Ia 4500
008 - FIXED-LENGTH DATA ELEMENTS--GENERAL INFORMATION
fixed length control field 230917s9999||||xx |||||||||||||| ||und||
040 ## - CATALOGING SOURCE
-- 131216
Original cataloging agency VIVEKANANDA LIBRARY
041 ## - Language
-- English
082 ## - DDC NUMBER
Classification number 657.48 M748F
100 ## - MAIN ENTRY--PERSONAL NAME
Personal name Monga, J R
245 #0 - TITLE STATEMENT
Title Financial acountancy
250 ## - EDITION STATEMENT
Edition statement 9th ed.
260 ## - PUBLICATION, DISTRIBUTION, ETC. (IMPRINT)
Place of publication, distribution, etc Naida
Name of publisher, distributor, etc Mayoor Paper Books
Date of publication, distribution, etc 1995
300 ## - PHYSICAL DESCRIPTION
Pages v. p.
942 ## - ADDED ENTRY ELEMENTS (KOHA)
Koha item type Books
Holdings
Withdrawn status Lost status Damaged status Not for loan Location (home branch) Sublocation or collection (holding branch) Shelving location Date acquired Koha issues (times borrowed) Koha full call number Accession No. Koha date last seen Koha item type Source of classification or shelving scheme
        VIVEKANANDA LIBRARY VIVEKANANDA LIBRARY IMSAR Library 03/02/2010   657.48 M748F 170241 17/09/2023 Books  
        VIVEKANANDA LIBRARY VIVEKANANDA LIBRARY IMSAR Library 03/02/2010   657.48 M748F 170243 17/09/2023 Books  
Withdrawn   Damaged   VIVEKANANDA LIBRARY VIVEKANANDA LIBRARY IMSAR Library 03/02/2010   657.48 M748F 170244 17/09/2023 Books Dewey Decimal Classification
© Designed and Maintained by Vivekananda Library, MDU Rohtak